|
|
|
|
| LEADER |
01420nam a2200397 a 4500 |
| 001 |
35713 |
| 003 |
BD-DhAAL |
| 005 |
20211129154101.0 |
| 008 |
190922t2007 enka b 001 0 eng |
| 999 |
|
|
|c 41341
|d 41341
|
| 010 |
|
|
|a 2006046224
|
| 015 |
|
|
|a GBA592415
|2 bnb
|
| 016 |
7 |
|
|a 013326173
|2 Uk
|
| 020 |
|
|
|a 0415345731 (hbk.)
|
| 020 |
|
|
|a 9780415345736 (hbk.)
|
| 020 |
|
|
|a 041534574X (pbk.)
|
| 020 |
|
|
|a 9780415345743 (pbk.)
|
| 035 |
|
|
|a 4271375
|
| 040 |
|
|
|a OCoLC
|b eng
|d ANL
|d BD-DhAAL
|
| 042 |
|
|
|a pcc
|
| 050 |
0 |
0 |
|a LC71
|b .R68 2007
|
| 082 |
0 |
0 |
|a 379
|2 22
|
| 245 |
0 |
4 |
|a The RoutledgeFalmer reader in education policy and politics /
|c edited by Bob Lingard and Jenny Ozga.
|
| 260 |
|
|
|a London ;
|a New York :
|b Routledge,
|c 2007.
|
| 300 |
|
|
|a viii, 278 pages :
|b illustrations ;
|c 23 cm.
|
| 490 |
1 |
|
|a Readers in education
|
| 504 |
|
|
|a Includes bibliographical references and indexes.
|
| 526 |
|
|
|a BIED
|
| 541 |
|
|
|a Complimentary copy from BIED
|e 35713
|
| 650 |
|
0 |
|a Education and state.
|9 35007
|
| 700 |
1 |
|
|a Lingard, Bob.
|9 35008
|
| 700 |
1 |
|
|a Ozga, Jennifer.
|9 35009
|
| 830 |
|
0 |
|a Readers in education.
|9 35010
|
| 852 |
|
|
|a Ayesha Abed Library
|c BIED Collection
|
| 942 |
|
|
|2 ddc
|c BK
|
| 952 |
|
|
|0 0
|1 0
|2 ddc
|4 0
|6 379_000000000000000_ROU
|7 0
|9 66444
|a BRACUL
|b BRACUL
|c GEN
|d 2019-09-22
|e Complimentary copy from BIED
|l 0
|o 379 ROU
|p 3010035713
|r 2019-09-22
|t 1
|w 2019-09-22
|y BK
|x Transferred from BIED to General Stacks
|